Tiêu chuẩn phòng chống cháy nổ công trình và an toàn xây dựng

Trình bày tiêu chuẩn phòng chống cháy nổ công trình, tiêu chuẩn an toàn công trình, an toàn trong sản xuất thi công xây dựng.

Uloženo v:
Podrobná bibliografie
Médium: Kniha
Jazyk:Undetermined
Vydáno: Hà Nội Giao thông vận tải 2006
Témata:
Tagy: Přidat tag
Žádné tagy, Buďte první, kdo otaguje tento záznam!
Thư viện lưu trữ: Trung tâm Học liệu Trường Đại học Cần Thơ
LEADER 00870nam a2200193Ia 4500
001 CTU_151609
008 210402s9999 xx 000 0 und d
020 |c 450000 
082 |a 690.0218 
082 |b T309pcc 
245 0 |a Tiêu chuẩn phòng chống cháy nổ công trình và an toàn xây dựng 
260 |a Hà Nội 
260 |b Giao thông vận tải 
260 |c 2006 
520 |a Trình bày tiêu chuẩn phòng chống cháy nổ công trình, tiêu chuẩn an toàn công trình, an toàn trong sản xuất thi công xây dựng. 
650 |a Standards, Engineering,Electrical engineering,Fire prevention,Tiêu chuẩn xây dựng Việt Nam 
650 |x Safety measures,Fires and fire prevention.,Standards 
904 |i Năm 
980 |a Trung tâm Học liệu Trường Đại học Cần Thơ